Návrat Macaa pod správu Číny po 443 rokoch

Tengovská koncepcia zjednotenia Číny - "jedna krajina, dva systémy" - zaznamenáva podstatný úspech. Stručná geograficko-hospodárska charakteristika Macaa. Základné ekonomické ukazovatele. Turistické aktivity v Macau. Exportné odvetvia. Finančný sektor a reality.

Salvato in:
Dettagli Bibliografici
Autore principale: Lipták, Július
Natura: Capitolo di libro
Lingua:slovacco
Soggetti:
Tags: Aggiungi Tag
Nessun Tag, puoi essere il primo ad aggiungerne!!

MARC

LEADER 00000naa a2200000 4500
001 r036682
005 20230824102220.7
041 0 |a slo 
044 |a SK 
245 1 0 |a Návrat Macaa pod správu Číny po 443 rokoch  |c Július Lipták 
520 |a Tengovská koncepcia zjednotenia Číny - "jedna krajina, dva systémy" - zaznamenáva podstatný úspech. Stručná geograficko-hospodárska charakteristika Macaa. Základné ekonomické ukazovatele. Turistické aktivity v Macau. Exportné odvetvia. Finančný sektor a reality. 
610 2 0 |a situácia hospodárska 
610 2 0 |a geografia hospodárska 
610 2 0 |a história 
610 2 0 |a ruch cestovný 
610 2 0 |a bankovníctvo 
610 2 0 |a obchod zahraničný 
610 2 0 |a ukazovatele ekonomické 
610 2 0 |a Hongkong 
610 2 0 |a Macao 
100 1 |a Lipták, Július